| 000 | 01330nam0a22002651 4500 | ||
|---|---|---|---|
| 001 | rc\2584419 | ||
| 005 | 20250623121147.0 | ||
| 035 | _a(NLR Aleph) 006748831 | ||
| 090 |
_a5722851 _c5722851 |
||
| 100 | _a20110914d1929 |||y0rusy50 ca | ||
| 101 | 0 | _arus | |
| 102 | _aRU | ||
| 105 | _aac z ||||| | ||
| 200 | 1 |
_aХимия в сельском хозяйстве _eС 10 рис. в тексте _fБ. Г. Андреев |
|
| 210 |
_aМосква _cКурсы заочного образ. политпросветработников _d1929 _eТверь _gгостип. им. К. Маркса |
||
| 215 |
_a45 с., [3] с. объявл. _cил., портр. _d23х15 см. |
||
| 225 | 1 |
_aСерия пособий по естествоведению _fЗаочные курсы политпросветработников при Акад. коммун. воспитания им. Крупской. Под общ. ред. М. Гремяцкого _vВып. 2 |
|
| 320 | _aБиблиография: "Что читать дальше" (3 названия) | ||
| 700 | 1 |
_4340 _7ca _8rus _aАндреев _bБ. Г. _cд-р химии _f1884- _gБорис Георгиевич _9243812 _3RU\NLR\AUTH\770243868 |
|
| 801 | 0 |
_aRU _bNLR _gpsbo |
|
| 801 | 1 |
_aRU _bELAR _2rusmarc |
|
| 852 |
_aNLR _j35/3389-2 |
||
| 942 | _cBOOK | ||
| 980 | _aNB | ||